000 00391nam a2200169Ia 4500
008 210210b1913 xxu||||| |||| 00| 0 eng d
041 _aeng
082 _a825/582
100 _aMUKERJI (D P)
245 _aTagore: a study
260 _aBombay
_bPadma Publications Ltd.,
_c1913
650 _aTagore:
650 _astudy
650 _aa
690 _aEnglish Criticism
906 _a014898
999 _c134129
_d134129